Cataluña y las demás Españas.
Guardat en:
| Autor principal: | |
|---|---|
| Format: | Llibre |
| Publicat: |
Barcelona, España:
Crítica,
2014.
|
| Edició: | Primera edición |
| Matèries: | |
| Etiquetes: |
Afegir etiqueta
Sense etiquetes, Sigues el primer a etiquetar aquest registre!
|
MARC
| LEADER | 00000cam a2200000 a 4500 | ||
|---|---|---|---|
| 001 | UCC2515 | ||
| 003 | CL-VaPUC | ||
| 005 | 20220824102438.0 | ||
| 008 | 220822t2014 ||||| |||| 00| 0 eng d | ||
| 999 | |c 370597 |d 370595 | ||
| 020 | |a 9788498927658 | ||
| 040 | |c Pontificia Universidad Católica de Valparaíso | ||
| 082 | 0 | 4 | |a 323.440946 MUÑ 2014 |2 22 |
| 100 | |a Muñoz Machado, Santiago |e autor |9 295515 | ||
| 245 | 1 | 0 | |a Cataluña y las demás Españas. |
| 250 | |a Primera edición | ||
| 260 | |a Barcelona, España: |b Crítica, |c 2014. | ||
| 300 | |a 299 páginas. | ||
| 500 | |a c.2. Donación Profesora Claudia Poblete O. Memo 020. 14/06/2022. | ||
| 583 | |a last modification |c 20180309 22:06:00 |k Rodrigo Vera | ||
| 650 | 0 | |a Derecho constitucional |9 222588 |x Historia |z España | |
| 650 | 0 | |a Libertad de expresión |9 329993 |x Derecho a decidir |z España | |
| 651 | 0 | |9 258701 |a Cataluña, España |x Política y gobierno |x Historia | |
| 942 | |c BK |2 ddc | ||
| 945 | |d 20180309 22:06:00 |a dcastane | ||
| 952 | |0 0 |1 0 |2 ddc |3 erd |4 0 |6 323_440946000000000_MUÑ_2014 |7 0 |8 A |9 487139 |a BIBDER |b BIBDER |i 5452821 |o 323.440946 MUÑ 2014 |p 5452821 |r 2023-01-25 |w 2019-11-24 |y BK |z Catalogado en:20180309 |k DER | ||
| 952 | |0 0 |1 0 |2 ddc |4 0 |6 323_440946000000000_MUÑ_2014 |7 0 |8 A |9 586350 |a BIBDER |b BIBDER |c GEN |d 2022-08-22 |e Donación |i 5654374 |o 323.440946 MUÑ 2014 |p 5654374 |r 2023-01-25 |t 2 |w 2022-08-22 |y BK |k DER | ||